The forgotten girls. #7 / Sara Blaedel ; ... Read More
Available copies
- 2 of 2 copies available at LARL/NWRL Consortium.
- 2 of 2 copies available at Lake Agassiz Regional Library. (Show preferred library)
Current holds
0 current holds with 2 total copies.
Show Only Available Copies
| Location | Call Number / Copy Notes | Barcode | Shelving Location | Status | Due Date |
|---|---|---|---|---|---|
| Crookston Public Library | M BLA (Text) | 33500011978202 | Main | Available | - |
| Moorhead Public Library | M BLA (Text) | 33500011978194 | Main | Available | - |
Record details
- ISBN: 9781455581528 (hardcover)
- ISBN: 1455581526 (hardcover)
- Physical Description: pages cm
- Edition: First edition.
- Publisher: New York, NY : Grand Central Publishing, 2015.
Search for related items by subject
| Genre: | Mystery fiction Fiction. |
Search for related items by series
| LDR | 02185cam a22005658i 4500 | ||
|---|---|---|---|
| 001 | 174892 | ||
| 003 | LARL_NWRL_CONSORTIUM | ||
| 005 | 20181210165127.0 | ||
| 008 | 140606s2014 nyu 000 1 eng | ||
| 010 | . | ‡a2014010802 | |
| 019 | . | ‡a881206804 ‡a887977296 | |
| 020 | . | ‡a9781455581528 (hardcover) | |
| 020 | . | ‡a1455581526 (hardcover) | |
| 020 | . | ‡z9781478983293 (audio download) | |
| 020 | . | ‡z9781455581504 (ebook) | |
| 035 | . | ‡a(OCoLC)881167739 ‡z(OCoLC)881206804 ‡z(OCoLC)887977296 | |
| 040 | . | ‡aDLC ‡beng ‡erda ‡cDLC ‡dBTCTA ‡dOCLCO ‡dOCLCF ‡dYDXCP ‡dFLWMD ‡dTOH | |
| 041 | 1 | . | ‡aeng ‡hdan |
| 042 | . | ‡apcc | |
| 043 | . | ‡ae-dk--- | |
| 082 | 0 | 0. | ‡a839.813/8 ‡223 |
| 100 | 1 | . | ‡aBlaedel, Sara. ‡0(LARL_NWRL_CONSORTIUM)221314 |
| 245 | 1 | 4. | ‡aThe forgotten girls. ‡n#7 / ‡cSara Blaedel ; translated by Signe Rod Golly. |
| 250 | . | ‡aFirst edition. | |
| 260 | . | ‡aNew York, NY : ‡bGrand Central Publishing, ‡c2015. | |
| 300 | . | ‡apages cm | |
| 336 | . | ‡atext ‡btxt ‡2rdacontent | |
| 337 | . | ‡aunmediated ‡bn ‡2rdamedia | |
| 490 | 0 | . | ‡aLouise Rick ; ‡v7 |
| 650 | 0. | ‡aPolicewomen ‡vFiction. ‡0(LARL_NWRL_CONSORTIUM)166589 | |
| 650 | 0. | ‡aDetective and mystery stories. ‡0(LARL_NWRL_CONSORTIUM)18458 | |
| 650 | 0. | ‡aMurder ‡xInvestigation ‡vFiction. ‡0(LARL_NWRL_CONSORTIUM)166203 | |
| 650 | 0. | ‡aMissing persons ‡vFiction. ‡0(LARL_NWRL_CONSORTIUM)165976 | |
| 650 | 7. | ‡aDetective and mystery stories. ‡2fast ‡0(LARL_NWRL_CONSORTIUM)18458 | |
| 650 | 7. | ‡aMissing persons. ‡2fast ‡0(LARL_NWRL_CONSORTIUM)25890 | |
| 650 | 7. | ‡aMurder ‡xInvestigation. ‡2fast ‡0(LARL_NWRL_CONSORTIUM)26286 | |
| 650 | 7. | ‡2fast ‡aPolicewomen ‡0(LARL_NWRL_CONSORTIUM)28469 | |
| 650 | 7. | ‡aFICTION / Mystery & Detective / Women Sleuths. ‡2bisacsh | |
| 655 | 7. | ‡aMystery fiction ‡2gsafd | |
| 655 | 7. | ‡aFiction. ‡2fast | |
| 700 | 1 | . | ‡aGolly, Signe Rod, ‡etranslator. |
| 901 | . | ‡a174892 ‡bOCLC ‡c174892 ‡tbiblio | |

Add to basket
Permalink
Enable Highlighting